Asahi shinbun shakaimen de miru sesō 75-nen : 1879-1954 /

Saved in:
Bibliographic Details
Corporate Author: Asahi Shinbunsha.
Format: Book
Language:Japanese
Published: Tōkyō : Asahi Shinbunsha, Shōwa 29 [1954]
Subjects:
Tags: Add Tag
No Tags, Be the first to tag this record!
LEADER 01649cam a2200301ui 4500
001 007717020-2
005 20024617121422.0
008 920214s1954 ja a 000 0 jpn d
035 0 |a ocm33732741 
040 |a *LWU*  |b jpn  |c *LWU*  |d OCoLC  |d *YNH*  |d CStRLIN 
245 0 0 |6 880-01  |a Asahi shinbun shakaimen de miru sesō 75-nen :  |b 1879-1954 /  |c Asahi Shinbunsha henshū. 
246 3 |a Asahi shinbun shakaimen de miru sesō shichijūgonen 
246 3 0 |6 880-02  |a Sesō 75-nen 
246 3 0 |a Sesō shichijūgonen 
260 |6 880-03  |a Tōkyō :  |b Asahi Shinbunsha,  |c Shōwa 29 [1954] 
300 |a 154 p. :  |b ill. ;  |c 31 cm. 
500 |6 880-04  |a Honsho ni shūroku shita shimen wa Meiji 12-nen kara 20-nen made wa Ōsaka Honsha hakkō no shinbun o, Meiji 21-nen Tōkyō Asahi shinbun hakkō igo wa, Kantō Daishinsai no shashin furoku o nozoite, subete Tōkyō Honsha hakkō no o shiyō shita. 
653 |6 880-05  |a Nihon  |a Shakai  |a Rekishi  |a Meijiigo  |a Shashinshū. 
651 0 |a Japan  |x History  |y 1868-  |x Social conditions. 
710 2 |6 880-06  |a Asahi Shinbunsha. 
880 0 0 |6 245-01  |a 朝日新聞社會面で見る世相75年 :  |b 1879-1954 /  |c 朝日新聞社編集. 
880 3 0 |6 246-02  |a 世相75年 
880 |6 260-03  |a 東京 :  |b 朝日新聞社,  |c 昭和29 [1954] 
880 |6 500-04  |a 本書に收錄した紙面は明治12年から20年までは大阪本社発行の新聞を, 明治21年東京朝日新聞發行以後は, 関東大震災の写眞附錄を除いて, すべて東京本社発行のを使用した. 
880 |6 653-05  |a 日本  |a 社会  |a 歴史  |a 明治以後  |a 写真集. 
880 2 |6 710-06  |a 朝日新聞社. 
988 |a 20021220 
906 |0 OCLC